=LDR 00000nam 2200000 4500 =001 INLIS000000000015343 =005 20130612110625 =008 ***********************************Ind** =035 ##$$0010-061300000015343 =041 ##$$a Ind =082 ##$$a 628.14 =090 ##$$a 628.14, PES =100 ##$$a Gayo, M. Yusuf =245 ##$$a Perbaikan dan Pengatutran Sungai, M. Yusuf Gayo dkk =260 ##$$a 1994 $b Jakarta =300 ##$$a VI, 355 hlm, Ilus, 21 cm =650 ##$$a Sungai =850 ##$$a NBPNMAT